ARRUPE JESUIT UNIVERSITY

CORONAVIRUS -STOP THE SPREAD - CLEAN,DISINFECT,COVER

Reassessing Anglo-Saxon England / (Record no. 128891)

MARC details
000 -LEADER
fixed length control field 01278pam a2200325 a 4500
001 - CONTROL NUMBER
control field 3050675
003 - CONTROL NUMBER IDENTIFIER
control field ARRUPE
005 - DATE AND TIME OF LATEST TRANSACTION
control field 20190201092638.0
008 - FIXED-LENGTH DATA ELEMENTS--GENERAL INFORMATION
fixed length control field 960415s1996 enk b 001 0 eng
010 ## - LIBRARY OF CONGRESS CONTROL NUMBER
LC control number 96002687
020 ## - INTERNATIONAL STANDARD BOOK NUMBER
International Standard Book Number 0719048672
020 ## - INTERNATIONAL STANDARD BOOK NUMBER
International Standard Book Number 0719050537 (pbk.)
040 ## - CATALOGING SOURCE
Original cataloging agency DLC
Transcribing agency DLC
Modifying agency DLC
043 ## - GEOGRAPHIC AREA CODE
Geographic area code e-uk-en
-- e-uk---
050 00 - LIBRARY OF CONGRESS CALL NUMBER
Classification number DA152
Item number .J65 1996
082 00 - DEWEY DECIMAL CLASSIFICATION NUMBER
Classification number 941.01
Edition number 20
300 ## - PHYSICAL DESCRIPTION
Dimensions 24 cm.
100 1# - MAIN ENTRY--PERSONAL NAME
Personal name John, Eric.
9 (RLIN) 44356
245 10 - TITLE STATEMENT
Title Reassessing Anglo-Saxon England /
Statement of responsibility, etc Eric John.
260 ## - PUBLICATION, DISTRIBUTION, ETC. (IMPRINT)
Place of publication, distribution, etc Manchester ;
-- New York :
Name of publisher, distributor, etc Manchester University Press ;
Place of publication, distribution, etc New York :
Name of publisher, distributor, etc Distributed exclusively in the USA by St. Martin's Press,
Date of publication, distribution, etc 1996.
300 ## - PHYSICAL DESCRIPTION
Extent xii, 204 p. ;
504 ## - BIBLIOGRAPHY, ETC. NOTE
Bibliography, etc Includes bibliographical references and index.
650 #0 - SUBJECT ADDED ENTRY--TOPICAL TERM
Topical term or geographic name as entry element Civilization, Anglo-Saxon.
9 (RLIN) 44357
650 #0 - SUBJECT ADDED ENTRY--TOPICAL TERM
Topical term or geographic name as entry element Civilization, Medieval.
9 (RLIN) 5047
650 #0 - SUBJECT ADDED ENTRY--TOPICAL TERM
Topical term or geographic name as entry element Anglo-Saxons.
9 (RLIN) 44358
651 #0 - SUBJECT ADDED ENTRY--GEOGRAPHIC NAME
Geographic name Great Britain
General subdivision History
Chronological subdivision Anglo-Saxon period, 449-1066.
9 (RLIN) 44359
651 #0 - SUBJECT ADDED ENTRY--GEOGRAPHIC NAME
Geographic name England
General subdivision Civilization
Chronological subdivision To 1066.
9 (RLIN) 44360
856 42 - ELECTRONIC LOCATION AND ACCESS
Materials specified Publisher description
Uniform Resource Identifier <a href="http://www.loc.gov/catdir/enhancements/fy0601/96002687-d.html">http://www.loc.gov/catdir/enhancements/fy0601/96002687-d.html</a>
906 ## - LOCAL DATA ELEMENT F, LDF (RLIN)
a 7
b cbc
c orignew
d 1
e ocip
f 19
g y-gencatlg
942 ## - ADDED ENTRY ELEMENTS (KOHA)
Source of classification or shelving scheme Library of Congress Classification
Koha item type Monograph ( Printed materials)
Holdings
Withdrawn status Lost status Source of classification or shelving scheme Damaged status Not for loan Collection code Home library Current library Shelving location Date acquired Total Checkouts Full call number Barcode Date last seen Price effective from Koha item type
    Library of Congress Classification     Main Collection ARRUPE LIBRARY ARRUPE LIBRARY Main Collection 01/02/2019   SPC DA152 .J65 1996 46600003571 01/02/2019 01/02/2019 SPC

 

Arrupe Library. PO Box MP320 Mt Pleasant, Harare, Zimbabwe
263 242 745411|librarian@aju.ac.zw